000 00972nam a2200229 a 4500
001 48157
003 BD-RjUL
005 20211209054453.0
008 160813s1966 ii ||||| |||| 00| 0 ben d
020 _c: IRs. 15.00
035 _a(BD-RjUL)48276
040 _aBD-RjUL
_bben
_cBD-RjUL
041 _aben
082 _223
_a891.4409
_bGOS 1966
100 1 _aগঙ্গোপাধ্যায়, হেমন্ত কুমার
_9145904
245 1 0 _aসমাজ সাহিত্য ও দর্শন /
_cহেমন্ত কুমার গঙ্গোপাধ্যায়
260 _aকলিকাতা :
_bসংস্কৃত পুস্তক ভাণ্ডার,
_c১৯৬৬
300 _a[৮], ১৬৪ পৃ. ;
_c২১ সেমি.
650 _aবাংলা সাহিত্য
_vইতিহাস ও সমালোচনা
_9117445
650 _aBengali literature
_vHistory and criticism
_9145905
942 _2ddc
_cBK
999 _c48157
_d48157